Cartas desde la prisión /

Đã lưu trong:
Chi tiết về thư mục
Tác giả chính: Gasperi, Alcide De (autor)
Định dạng: Sách
Ngôn ngữ:Tiếng Tây Ban Nha
Được phát hành: Buenos Aires, Argentina : Criterio, 1957, c1957
Những chủ đề:
Các nhãn: Thêm thẻ
Không có thẻ, Là người đầu tiên thẻ bản ghi này!

MARC

LEADER 00000nam^a2200000^a^4500
001 000419923
005 20250526000000.0
009 20260526144301.725
037 |a Acervo ITESO - Biblioteca 
041 |a ESP 
082 |a 320. 94509  |b GAS 
100 |a Gasperi, Alcide De  |e (autor) 
245 1 0 |a Cartas desde la prisión /  |c A. De Gasperi ; tr. por Lido Monti. 
264 4 |a Buenos Aires, Argentina :  |b Criterio,  |c 1957, c1957 
300 |a 146 p. ;  |c 20.0 cm. 
336 |a texto  |b txt  |2 rdacontenido 
337 |a sin mediación  |b n  |2 rdamedio 
338 |a volumen  |b nc  |2 rdasoporte 
500 |a Traducción de: Lettere dalla prigione 
649 |a XX 
650 |a Presos Políticos Italianos 
650 |a Políticos Italianos 
650 |a Cartas Italianas 
650 |a Política -  |z Italia -  |x Historia -  |y Régimen Fascista, 1922-1943 -  |x Tema Principal 
650 |a Política -  |z Italia -  |x Historia -  |y Período Entre Guerras, 1918-1939 
650 |a Política -  |z Italia -  |x Historia -  |y Víctor Manuel III, 1900-1946 
650 |a Política -  |z Italia -  |x Historia -  |y Reino, 1861-1946 
650 |a Política -  |z Italia -  |x Historia -  |y Siglo XX 
650 |a Italia -  |x Historia -  |y Régimen Fascista, 1922-1943 
650 |a Italia -  |x Historia -  |y Período Entre Guerras, 1918-1939 
650 |a Italia -  |x Historia -  |y Víctor Manuel III, 1900-1946 
650 |a Italia -  |x Historia -  |y Reino, 1861-1946 
650 |a Italia -  |x Historia -  |y Siglo XX 
650 |a Gasperi, Alcide De -  |x Tema Principal 
910 |a Fondo Alfonso de Alba Martín 
920 |a Impresos - Libros 
930 |a Libros Antiguos y Raros 
905 |a 125 
901 |a 0500332133  |b IT2  |c LRA  |i D97771  |u 20250526 
902 |a https://opac.biblio.iteso.mx/vufind/Record/000419923